000 00517cam a22001217a 4500
008 180718b-- xxu||||| |||| 00| 0 eng d
082 _aL906x54131 C
245 _aReport of the Comptroller and Auditor General of India, Jharkhand (Civil)
_cby Comptroller and Auditor General of India, Jharkhand
260 _aRanchi
_bComptroller and Auditor General of India
_c--
500 _aLibrary has 2001/02-2002/03, 2004/05
650 _aAuditing - India - Jharkhand
700 _aJharkhand. Comptroller and Auditor General of India
999 _c486744
_d486744